000 01023nam1a22002531i 4500
001 rc\3609435
005 20240723233310.0
010 _9500
035 _a(NLR Aleph) 007711465
090 _a6853890
_c6853890
100 _a20130115d1974 |||y0rusy50 ca
101 0 _arus
102 _aRU
105 _a z |||||
200 1 _aМетоды определения микроколичеств пестицидов в продуктах питания, кормах и внешней среде
_f[Отв. ред. М.А. Клисенко]
_gГос. комис. по хим. средствам борьбы с вредителями, болезнями растений и сорняками при МСХ СССР. Ч. 6
210 _aВологда
_cБ. и.
_d1974
215 _d20
300 _aПерепеч. с изд. 1974 г., г. Москва
333 _aДСП
702 1 _aКлисенко
_bМ.А.
_4340
801 0 _aRU
_bNLR
_gpsbo
801 1 _aRU
_bELAR
_2rusmarc
852 _aNLR
_j75-50К/1424
942 _cBOOK